[Event "Hastings Masters 2016-17"]
[Site "Hastings ENG"]
[Date "2017.01.02"]
[Round "6.25"]
[White "Prosviriakov, Vladimir"]
[Black "Krueger, Norbert"]
[Result "1-0"]
[WhiteTitle "IM"]
[WhiteElo "2236"]
[BlackElo "2046"]
[WhiteFideId "2004860"]
[BlackFideId "4633245"]
[EventDate "2016.12.28"]

1. e4 c5 2. Nc3 e6 3. f4 Nc6 4. Nf3 d6 5. Bb5 Bd7 6. O-O g6 7. d3 Bg7 8. Bxc6
Bxc6 9. f5 exf5 10. exf5 Nf6 11. Re1+ Kf8 12. d4 Nd5 13. Nxd5 Bxd5 14. dxc5 dxc5
15. Bg5 f6 16. Be3 b6 17. c4 Bxc4 18. Qa4 Bd5 19. Rad1 Kf7 20. Bf4 a6 21. Re6 b5
22. Qc2 Bxe6 23. fxe6+ Kxe6 24. Rxd8 Rhxd8 25. Qxc5 Kf7 26. Nd4 Kg8 27. Ne6 1-0

[Event "Hastings Masters 2016-17"]
[Site "Hastings ENG"]
[Date "2017.01.02"]
[Round "6.26"]
[White "Lyell, Mark"]
[Black "Howell, Oliver W"]
[Result "1-0"]
[WhiteTitle "FM"]
[WhiteElo "2203"]
[BlackElo "1575"]
[WhiteFideId "402354"]
[BlackFideId "435929"]
[EventDate "2016.12.28"]

1. e4 e6 2. d4 d5 3. Nd2 Nf6 4. e5 Nfd7 5. Bd3 c5 6. c3 Nc6 7. Ne2 Qb6 8. Nf3
Be7 9. O-O O-O 10. a3 f6 11. exf6 Nxf6 12. b4 cxd4 13. cxd4 Bd7 14. Bf4 Nh5 15.
Ne5 Nxe5 16. Bxe5 a5 17. b5 Bf6 18. Nc3 g6 19. Na4 Qa7 20. Qe2 Bxe5 21. Qxe5 Nf4
22. Qe3 Nxd3 23. Qxd3 b6 24. Rac1 Rac8 25. h4 Rc7 26. h5 Kg7 27. Qg3 Rfc8 28.
Qe5+ Kf7 29. Rb1 Rc4 30. Nb2 Rc3 31. h6 Qc7 32. Qg7+ Ke8 33. Qg8+ Ke7 34. Qxh7+
Kf6 35. Nd1 Rxa3 36. Qg7+ Kf5 37. Ne3+ Ke4 38. Qxg6+ Kxd4 39. Rbd1+ Ke5 40. Qg3+
Kf6 41. Qg7# 1-0

[Event "Hastings Masters 2016-17"]
[Site "Hastings ENG"]
[Date "2017.01.02"]
[Round "6.27"]
[White "Spanton, Tim R"]
[Black "Eames, Robert S"]
[Result "0-1"]
[BlackTitle "FM"]
[WhiteElo "1976"]
[BlackElo "2187"]
[WhiteFideId "404802"]
[BlackFideId "408743"]
[EventDate "2016.12.28"]

1. Nf3 d5 2. d4 Nf6 3. c4 e6 4. Nc3 dxc4 5. e3 a6 6. Bxc4 b5 7. Be2 Bb7 8. O-O
Nbd7 9. a3 c5 10. dxc5 Bxc5 11. b4 Be7 12. Bb2 O-O 13. Nd4 Ne5 14. Qb3 Rc8 15.
Rfd1 Qb6 16. Rac1 Nc4 17. Bxc4 Rxc4 18. Na4 Qc7 19. Rxc4 bxc4 20. Qc3 Rd8 21.
Rf1 Ng4 22. g3 Bf6 23. Nc5 Bd5 24. e4 Bxe4 25. Qxc4 Bd5 26. Qe2 Ne5 27. Rc1 Qd6
28. Qxa6 Qxa6 29. Nxa6 Nf3+ 30. Nxf3 Bxb2 31. Rd1 Ra8 32. b5 Bxf3 33. b6 0-1

[Event "Hastings Masters 2016-17"]
[Site "Hastings ENG"]
[Date "2017.01.02"]
[Round "6.28"]
[White "Vangsgaard, Freja"]
[Black "Scott, Gordon W"]
[Result "0-1"]
[WhiteTitle "WFM"]
[WhiteElo "1975"]
[BlackElo "2198"]
[WhiteFideId "1436589"]
[BlackFideId "419559"]
[EventDate "2016.12.28"]

1. d4 Nf6 2. c4 g6 3. Nc3 Bg7 4. Nf3 O-O 5. Bg5 d6 6. e3 Nbd7 7. Be2 c6 8. O-O
h6 9. Bh4 g5 10. Bg3 Nh5 11. Qc2 Nxg3 12. hxg3 e6 13. b4 g4 14. Ne1 f5 15. Nd3
e5 16. dxe5 dxe5 17. Rad1 h5 18. Na4 h4 19. Ndc5 hxg3 20. fxg3 Qe7 21. Nxd7 Bxd7
22. c5 Bh6 23. Qb3+ Be6 24. Bc4 Bxe3+ 25. Qxe3 Bxc4 26. Rfe1 Rad8 27. Nc3 Kg7
28. a3 Rfe8 29. Kf2 Qf6 30. Rxd8 Rxd8 31. Qxe5 Rd2+ 32. Kg1 Qxe5 33. Rxe5 Rd3
34. Ne2 Kf6 35. Re8 Rxa3 36. Nd4 Rd3 37. Nc2 Rd1+ 38. Kh2 Rd2 39. Ne1 Rb2 40.
Rd8 Rxb4 41. Rd4 Rb1 42. Rxc4 Rxe1 43. Ra4 a6 44. Rb4 Re7 45. Rb2 Ke6 46. Rd2
Re8 47. Kg1 a5 48. Kf2 a4 49. Rb2 a3 50. Rxb7 Ra8 51. Rb1 a2 52. Ra1 Ra3 53. Ke1
Kd5 54. Kd1 Kxc5 55. Kc1 Kd4 56. Kb2 Rxg3 57. Rd1+ Ke3 58. Kxa2 Rxg2+ 0-1

[Event "Hastings Masters 2016-17"]
[Site "Hastings ENG"]
[Date "2017.01.02"]
[Round "6.29"]
[White "Norinkeviciute, Rasa"]
[Black "Garriga Cazorla, Pere"]
[Result "0-1"]
[WhiteTitle "WFM"]
[BlackTitle "FM"]
[WhiteElo "1994"]
[BlackElo "2386"]
[WhiteFideId "12801925"]
[BlackFideId "32011601"]
[EventDate "2016.12.28"]

1. c4 c6 2. e4 d5 3. cxd5 cxd5 4. exd5 Nf6 5. d4 Nxd5 6. Nf3 Nc6 7. Be2 g6 8.
O-O Bg7 9. Nc3 O-O 10. Be3 Nxe3 11. fxe3 Bh6 12. Qd2 Bf5 13. Nh4 Bd7 14. Bc4 Rc8
15. Qe2 Na5 16. Bd3 e5 17. Qf2 Be6 18. Rad1 Bc4 19. g3 Bxd3 20. Rxd3 Nc4 21. Ng2
f5 22. Qe2 e4 23. Rdd1 b5 24. Nf4 Qd7 25. Rc1 a6 26. Kh1 Nb6 27. b3 Rc7 28. Qd2
Bxf4 29. gxf4 Rfc8 30. Ne2 Nd5 31. Rxc7 Rxc7 32. Rc1 Qc8 33. Kg2 Rc2 34. Rxc2
Qxc2 35. Qxc2 Nxe3+ 36. Kf2 Nxc2 37. d5 Kf7 38. Nc3 Ke7 39. Ke2 Kd6 40. Kd2 Nb4
41. a3 Nxd5 42. Ne2 a5 43. Nd4 Nxf4 44. Nxb5+ Ke5 45. Na7 Kd5 46. Nb5 Ne6 47.
Nc3+ Ke5 48. Na4 f4 49. Nb6 e3+ 50. Ke1 f3 51. Nc4+ Ke4 52. Nxa5 Nc5 53. Nc4
Nd3+ 0-1

[Event "Hastings Masters 2016-17"]
[Site "Hastings ENG"]
[Date "2017.01.02"]
[Round "6.30"]
[White "Snape, Ian L"]
[Black "White, Stuart A"]
[Result "0-1"]
[WhiteElo "2222"]
[BlackElo "1999"]
[WhiteFideId "404489"]
[BlackFideId "407747"]
[EventDate "2016.12.28"]

1. e4 e6 2. d4 d5 3. Nc3 Bb4 4. Ne2 Nc6 5. a3 Ba5 6. exd5 exd5 7. Ng3 Nf6 8. Be2
Be6 9. Be3 Qd7 10. O-O Bxc3 11. bxc3 Na5 12. Rb1 c6 13. Re1 O-O 14. Bg5 Ne4 15.
Nxe4 dxe4 16. Bf1 Bd5 17. c4 Bxc4 18. Qd2 Qd5 19. Be7 Rfe8 20. Bb4 Bxf1 21. Kxf1
Nc4 22. Qf4 Rad8 23. Rb3 Re6 24. Rg3 Rde8 25. Bc5 b6 26. Rg5 Qd8 27. Bb4 Qxd4
28. Qg4 a5 29. Rd1 Qb2 30. c3 g6 0-1

[Event "Hastings Masters 2016-17"]
[Site "Hastings ENG"]
[Date "2017.01.02"]
[Round "6.31"]
[White "Ramsdal, Jens Albert"]
[Black "Dilleigh, Stephen P"]
[Result "1-0"]
[WhiteElo "2190"]
[BlackElo "2038"]
[WhiteFideId "1429221"]
[BlackFideId "408379"]
[EventDate "2016.12.28"]

1. e4 e6 2. d4 d5 3. Nd2 c5 4. exd5 Qxd5 5. Ngf3 cxd4 6. Bc4 Qd6 7. Nb3 Qb4+ 8.
Nfd2 Nc6 9. O-O Nf6 10. Re1 Be7 11. Bf1 O-O 12. Nc4 Rd8 13. Bf4 Bf8 14. Qf3 Nd5
15. Bg3 Qe7 16. Ne5 Ndb4 17. Nxc6 Nxc6 18. Rad1 Bd7 19. Qe4 f5 20. Qf3 Qf6 21.
Bc4 Kh8 22. Re2 Rac8 23. h4 a6 24. a4 Bb4 25. Bf4 h6 26. Qg3 e5 27. Rxe5 Nxe5
28. Bxe5 Qf8 29. Rxd4 Be7 30. Bc7 Bf6 31. Rd3 Qe7 32. Bxd8 Rxd8 33. c3 Bxa4 34.
Rxd8+ Qxd8 35. Nd4 Bd7 36. h5 Qe8 37. Qf3 Qe1+ 38. Kh2 Be5+ 39. g3 Bxd4 40. cxd4
Qe8 41. Qxb7 Qxh5+ 42. Kg2 Qe8 43. Bd5 Bb5 44. Qf7 Qxf7 45. Bxf7 g5 46. Be6 Bd3
47. Kf3 Kg7 48. Ke3 Kf6 49. d5 Bb5 50. f4 a5 51. Bc8 Ba4 52. d6 Bc2 53. fxg5+
hxg5 54. Kd4 Ba4 55. Kc5 f4 56. gxf4 gxf4 57. Kb6 f3 58. d7 1-0

[Event "Hastings Masters 2016-17"]
[Site "Hastings ENG"]
[Date "2017.01.02"]
[Round "6.32"]
[White "Raddatz, Michael"]
[Black "Gaudeau, Valentin"]
[Result "1/2-1/2"]
[WhiteElo "2028"]
[BlackElo "2182"]
[WhiteFideId "4613252"]
[BlackFideId "662216"]
[EventDate "2016.12.28"]

1. e4 c5 2. Nf3 d6 3. Bb5+ Bd7 4. Bxd7+ Qxd7 5. c4 Nf6 6. Nc3 g6 7. d4 cxd4 8.
Nxd4 Bg7 9. Nde2 O-O 10. O-O Rc8 11. Qd3 Nc6 12. b3 a6 13. Bb2 b5 14. cxb5 Nb4
15. Qf3 Ng4 16. Rfd1 axb5 17. Rd2 Bh6 18. Rdd1 Bg7 19. h3 Ne5 20. Qg3 Nec6 21.
Rd2 Qb7 22. h4 Na6 23. h5 Nc5 24. Qe3 Ne5 25. f3 b4 26. Nd5 e6 27. h6 Bh8 28.
Ndf4 Ra6 29. Nc1 Rca8 30. Kh1 Qe7 31. Nfd3 Nexd3 32. Nxd3 Nxb3 33. Bxh8 Nxd2 34.
Nxb4 Ra4 35. Qxd2 Kxh8 36. Qc3+ e5 37. Qd2 Qe6 38. Nd5 Rg8 39. Qg5 Ra7 40. a4
Rf8 41. Nf6 Qe7 42. Qe3 Rfa8 43. Nd5 Qh4+ 44. Kg1 Rxa4 45. Rxa4 Rxa4 46. Qc1 Ra8
47. Nb6 Rg8 48. Nc8 Qd8 49. Na7 Qb6+ 50. Kh2 Qxa7 51. Qg5 f5 52. Qf6+ Rg7 53.
Qf8+ Rg8 54. Qf6+ 1/2-1/2

[Event "Hastings Masters 2016-17"]
[Site "Hastings ENG"]
[Date "2017.01.02"]
[Round "6.33"]
[White "Healey, Michael W"]
[Black "Boardman, Jeffrey"]
[Result "1-0"]
[WhiteElo "2173"]
[BlackElo "1984"]
[WhiteFideId "410012"]
[BlackFideId "4301382"]
[EventDate "2016.12.28"]

1. e4 c6 2. d4 d5 3. e5 c5 4. dxc5 Nc6 5. Bf4 e6 6. Nf3 Bxc5 7. Bd3 Bd7 8. O-O
Nge7 9. c3 Qc7 10. Bg3 a6 11. a4 Ng6 12. Re1 O-O 13. Nbd2 Rac8 14. Qb1 Nce7 15.
h4 f6 16. b4 Bb6 17. h5 Nxe5 18. Rxe5 Nf5 19. Bxf5 exf5 20. Rxd5 Qxg3 21. Rxd7
Qxf2+ 22. Kh1 Qg3 23. Qxf5 Rce8 24. Nf1 Qf2 25. Qg4 Rf7 26. Qc4 Rf8 27. Rxf7
Rxf7 28. Ra2 1-0

[Event "Hastings Masters 2016-17"]
[Site "Hastings ENG"]
[Date "2017.01.02"]
[Round "6.34"]
[White "Kalavannan, Koby"]
[Black "Miller, Dominic"]
[Result "1-0"]
[WhiteElo "2163"]
[BlackElo "1954"]
[WhiteFideId "425753"]
[BlackFideId "438065"]
[EventDate "2016.12.28"]

1. d4 d5 2. Nf3 Nf6 3. c4 c6 4. Qb3 dxc4 5. Qxc4 Bf5 6. g3 e6 7. Bg2 Nbd7 8. O-O
Rc8 9. b4 Bd6 10. Nbd2 Qe7 11. a3 e5 12. dxe5 Nxe5 13. Qb3 O-O 14. Bb2 Nxf3+ 15.
Qxf3 Bg6 16. e4 Be5 17. Bxe5 Qxe5 18. Qe3 Rcd8 19. Rfe1 Qd4 20. Qxd4 Rxd4 21.
Nb3 Rdd8 22. Na5 Rd7 23. f4 Rfd8 24. f5 Bh5 25. h3 Bd1 26. e5 Ne8 27. Nxb7 Rxb7
28. Rexd1 Rbd7 29. Rxd7 Rxd7 30. Bxc6 Re7 31. Rd1 Rxe5 32. Rd8 Kf8 33. b5 Rxb5
34. Rxe8# 1-0

[Event "Hastings Masters 2016-17"]
[Site "Hastings ENG"]
[Date "2017.01.02"]
[Round "6.35"]
[White "Kalaiyalahan, Akshaya"]
[Black "Ruane, Brendan J"]
[Result "1-0"]
[WhiteTitle "FM"]
[WhiteElo "2160"]
[BlackElo "1867"]
[WhiteFideId "422894"]
[BlackFideId "430218"]
[EventDate "2016.12.28"]

1. d4 Nf6 2. c4 c5 3. d5 e6 4. Nc3 exd5 5. cxd5 d6 6. Nf3 g6 7. Bf4 a6 8. a4 Bg7
9. h3 O-O 10. e3 Ne8 11. Be2 Nd7 12. O-O b6 13. Re1 Rb8 14. Bf1 Ne5 15. Nxe5
dxe5 16. Bh2 Nd6 17. e4 b5 18. Qc2 Qb6 19. Kh1 Bd7 20. f4 f6 21. a5 Qc7 22. Nb1
Rbc8 23. Nd2 Nb7 24. fxe5 fxe5 25. Qc3 Kh8 26. Nf3 Rce8 27. b4 c4 28. Rad1 Qd6
29. Bg1 Qf6 30. Be2 g5 31. Nh2 Qg6 32. Qe3 Nd6 33. Bf3 Rf4 34. Qe2 Ref8 35. Bc5
Rd8 36. g3 Rff8 37. Bh5 Qh6 38. Bg4 Rf7 39. Bxd7 Rdxd7 40. Qg4 Qg6 41. Qe6 Nxe4
42. Qxg6 1-0

[Event "Hastings Masters 2016-17"]
[Site "Hastings ENG"]
[Date "2017.01.02"]
[Round "6.36"]
[White "Larsen, Andreas"]
[Black "Burrows, Martin P"]
[Result "1/2-1/2"]
[WhiteElo "1976"]
[BlackElo "2124"]
[WhiteFideId "1504843"]
[BlackFideId "409057"]
[EventDate "2016.12.28"]

1. e4 c5 2. c4 e6 3. Nc3 Nc6 4. g3 g6 5. Bg2 Bg7 6. Nge2 Nge7 7. O-O O-O 8. d3
a6 9. Be3 Nd4 10. Rb1 Nec6 11. Qd2 Rb8 12. Bh6 d6 13. Bxg7 Kxg7 14. f4 b5 15. f5
exf5 16. exf5 Bxf5 17. Rxf5 gxf5 18. Rf1 Re8 19. Nf4 Kh8 20. Nh5 Re6 21. Bxc6
Nxc6 22. Rxf5 Ne5 23. Ne4 Rg6 24. Kg2 Qf8 25. Ng5 Rb7 26. Nf4 Rg8 27. Nxh7 Kxh7
28. Rh5+ Kg7 29. Nd5 f6 30. Qh6+ Kf7 31. Qxf6+ Ke8 32. Qe6+ Kd8 33. Rf5 Rf7 34.
Rxf7 Nxf7 35. Nf6 Kc7 36. Qd7+ Kb8 37. Nxg8 Qxg8 38. cxb5 axb5 39. Qxb5+ 1/2-1/2

[Event "Hastings Masters 2016-17"]
[Site "Hastings ENG"]
[Date "2017.01.02"]
[Round "6.37"]
[White "Rayner, Francis"]
[Black "Wilson, Matthew R"]
[Result "1-0"]
[WhiteElo "2080"]
[BlackElo "1791"]
[WhiteFideId "1800132"]
[BlackFideId "423459"]
[EventDate "2016.12.28"]

1. e4 c5 2. Nf3 e6 3. d4 cxd4 4. Nxd4 a6 5. Bd3 Qc7 6. O-O Nf6 7. Qe2 Be7 8. c4
d6 9. Nc3 Nbd7 10. f4 b6 11. Kh1 Bb7 12. Bd2 O-O 13. Rae1 Rfe8 14. Bb1 Red8 15.
Nf3 Rac8 16. b3 Bf8 17. Qf2 Qb8 18. e5 Ng4 19. Qh4 Nh6 20. Ng5 dxe5 21. Bxh7+
Kh8 22. Bb1 Kg8 23. Nxf7 Kxf7 24. fxe5+ Kg8 25. Bxh6 gxh6 26. Qg4+ Bg7 27. Qxe6+
Kh8 28. Qg6 Bxg2+ 29. Kg1 1-0

[Event "Hastings Masters 2016-17"]
[Site "Hastings ENG"]
[Date "2017.01.02"]
[Round "6.38"]
[White "Pickersgill, Adrian O"]
[Black "Willson, Ollie"]
[Result "1/2-1/2"]
[WhiteElo "1985"]
[BlackElo "2060"]
[WhiteFideId "404519"]
[BlackFideId "424714"]
[EventDate "2016.12.28"]

1. e4 c5 2. Nc3 Nc6 3. f4 g6 4. Nf3 Bg7 5. Bb5 Nd4 6. O-O a6 7. Bc4 b5 8. Bd5
Rb8 9. d3 e6 10. Bb3 Bb7 11. Nxd4 Bxd4+ 12. Kh1 Ne7 13. Ne2 Bg7 14. c3 d5 15.
Ng3 h5 16. exd5 Bxd5 17. Bxd5 Qxd5 18. Qf3 h4 19. Ne4 Nf5 20. Be3 c4 21. dxc4
bxc4 22. Rad1 Qb7 23. Bc5 Qc8 24. Ba3 Rb7 25. Rd2 f6 26. Rfd1 Kf7 27. Nc5 Rc7
28. Rd7+ Rxd7 29. Rxd7+ Kg8 30. Qd1 Qc6 31. Qe2 Kh7 32. Kg1 Re8 33. Qxc4 Qxg2+
34. Kxg2 Ne3+ 35. Kf3 Nxc4 36. Ne4 Kh6 1/2-1/2

[Event "Hastings Masters 2016-17"]
[Site "Hastings ENG"]
[Date "2017.01.02"]
[Round "6.39"]
[White "Forster, Matthew"]
[Black "Spice, Alan"]
[Result "1-0"]
[WhiteElo "1813"]
[BlackElo "2081"]
[WhiteFideId "437123"]
[BlackFideId "1800744"]
[EventDate "2016.12.28"]

1. c4 e6 2. g3 f5 3. Bg2 Nf6 4. Nc3 Be7 5. d3 O-O 6. e4 fxe4 7. dxe4 Nc6 8. f4
d6 9. Nf3 Qe8 10. O-O Qh5 11. h3 Qc5+ 12. Kh2 Qxc4 13. e5 dxe5 14. fxe5 Nd5 15.
Bg5 a6 16. Bxe7 Nxc3 17. bxc3 Nxe7 18. Ng5 Rxf1 19. Bxf1 Qd5 20. Bd3 g6 21. Ne4
Qxe5 22. Qf3 Nf5 23. Rb1 h6 24. Kg1 Bd7 25. g4 Bc6 26. gxf5 gxf5 27. Qg3+ Qxg3+
28. Nxg3 Kf7 29. Kf2 Rd8 30. Ke2 Rg8 31. Kf2 h5 32. Bf1 h4 33. Nxf5 Be4 34. Nh6+
Kg7 35. Nxg8 Bxb1 36. Ne7 Bxa2 37. Bd3 Kf6 38. Ng6 Kg5 39. Ne5 Kf4 40. Ng6+ Kg5
41. Ne5 Bd5 42. c4 Bh1 43. Nf3+ Bxf3 44. Kxf3 a5 45. Bc2 b6 46. Ke4 c6 47. Ke5
b5 48. c5 a4 49. Bd1 a3 50. Bb3 1-0

[Event "Hastings Masters 2016-17"]
[Site "Hastings ENG"]
[Date "2017.01.02"]
[Round "6.40"]
[White "Trevelyan, John"]
[Black "Reher, Wolfgang"]
[Result "1-0"]
[WhiteElo "2082"]
[BlackElo "1832"]
[WhiteFideId "1800922"]
[BlackFideId "12939951"]
[EventDate "2016.12.28"]

1. d4 e6 2. e4 b6 3. Nf3 Bb7 4. Bd3 Nf6 5. Qe2 d5 6. e5 Nfd7 7. Ng5 h6 8. Qh5
hxg5 9. Qxh8 c5 10. f4 Nc6 11. fxg5 g6 12. c3 cxd4 13. cxd4 Nxd4 14. Nc3 Qc7 15.
O-O Qxe5 16. Qh4 Bc5 17. Kh1 O-O-O 18. Bf4 Qg7 19. Rac1 Rh8 20. Qg4 e5 21. b4
exf4 22. bxc5 Ne6 23. c6 Bxc6 24. Nxd5 Ne5 25. Qe2 Qh7 26. h3 f3 27. Qxe5 fxg2+
28. Kg1 gxf1=Q+ 29. Bxf1 Kb7 30. Rxc6 Kxc6 31. Nf6 Qh4 32. Bg2+ 1-0

[Event "Hastings Masters 2016-17"]
[Site "Hastings ENG"]
[Date "2017.01.02"]
[Round "6.41"]
[White "Warnke, Klaus"]
[Black "Sugden, John N"]
[Result "1-0"]
[WhiteElo "1695"]
[BlackElo "2071"]
[WhiteFideId "4661397"]
[BlackFideId "402001"]
[EventDate "2016.12.28"]

1. c4 g6 2. Nc3 Bg7 3. g3 d6 4. Bg2 e5 5. d3 Nc6 6. e3 f5 7. Nge2 Nf6 8. O-O Bd7
9. Rb1 Rb8 10. f4 O-O 11. h3 a6 12. b3 Re8 13. Kh2 b5 14. Bb2 exf4 15. exf4 Kh8
16. Qd2 Ne7 17. Rfe1 c5 18. Ng1 b4 19. Nce2 Bc6 20. Nf3 Qd7 21. Rbd1 Neg8 22.
Qc1 Qb7 23. Neg1 h6 24. Rxe8 Rxe8 25. d4 a5 26. dxc5 dxc5 27. Rd6 Be4 28. Qd2
Kh7 29. Ne5 Re7 30. Ngf3 Bxf3 31. Bxf3 Ne4 32. Qg2 Bxe5 33. Bxe5 Rd7 34. Bxe4
fxe4 35. Rxd7+ Qxd7 36. Qxe4 Ne7 37. g4 Qd2+ 38. Qg2 Qd7 39. Qf2 Qc6 40. Qd2 Qe4
41. Bd6 1-0

[Event "Hastings Masters 2016-17"]
[Site "Hastings ENG"]
[Date "2017.01.02"]
[Round "6.42"]
[White "Witt, Holger"]
[Black "Rice, Chris B"]
[Result "0-1"]
[WhiteElo "1628"]
[BlackElo "2002"]
[WhiteFideId "24678139"]
[BlackFideId "404446"]
[EventDate "2016.12.28"]

1. c4 c6 2. d4 d6 3. Nf3 Nd7 4. g3 Ngf6 5. Nc3 e5 6. e4 Be7 7. Bg2 O-O 8. O-O a6
9. b3 Re8 10. Re1 Bf8 11. Bb2 b5 12. Qc2 Bb7 13. d5 cxd5 14. cxd5 Rc8 15. Qe2 g6
16. Qd2 Qb6 17. Rac1 a5 18. Bh3 Rc7 19. Nb1 Nc5 20. Nc3 Bc8 21. Bf1 Bd7 22. h3
Rec8 23. Qe3 b4 24. Nd2 bxc3 25. Bxc3 Bb5 26. Bc4 Qa6 27. a4 Bxc4 28. Nxc4 Nxb3
29. Nb6 Nxc1 30. Nxc8 Rxc3 31. Qxc3 Ne2+ 32. Rxe2 Qxe2 33. Qxa5 Nxe4 34. Qa7
Qd1+ 35. Kg2 Qc2 0-1

[Event "Hastings Masters 2016-17"]
[Site "Hastings ENG"]
[Date "2017.01.02"]
[Round "6.45"]
[White "Dennis, Nigel W"]
[Black "Dean, Michael J"]
[Result "1-0"]
[WhiteElo "1818"]
[BlackElo "1515"]
[WhiteFideId "408913"]
[BlackFideId "416100"]
[EventDate "2016.12.28"]

1. e4 e5 2. Nf3 Nc6 3. Bb5 a6 4. Ba4 Nf6 5. O-O b5 6. Bb3 Be7 7. Re1 O-O 8. c3
d6 9. h3 Bb7 10. d4 exd4 11. cxd4 Nb8 12. Bc2 Nbd7 13. a3 c5 14. dxc5 Nxc5 15.
Nc3 Qc7 16. Bf4 Qc6 17. Qe2 Rfe8 18. Nd4 Qc8 19. Nf5 Qc6 20. Rad1 Rad8 21. Nd5
Nxd5 22. exd5 Qd7 23. Nxe7+ Kf8 24. Qh5 Rxe7 25. Qxh7 Rxe1+ 26. Rxe1 f6 27. Qh8+
Kf7 28. Qh5+ Kf8 29. Bg6 Bxd5 30. Qxd5 Ne6 31. Rxe6 1-0

[Event "Hastings Masters 2016-17"]
[Site "Hastings ENG"]
[Date "2017.01.02"]
[Round "6.46"]
[White "Kearsley, Raymond J"]
[Black "Macrae, James S"]
[Result "0-1"]
[WhiteElo "1718"]
[BlackElo "1642"]
[WhiteFideId "470562"]
[BlackFideId "2401797"]
[EventDate "2016.12.28"]

1. e4 g6 2. d4 Bg7 3. Nc3 d6 4. Nf3 Nf6 5. Be2 O-O 6. O-O Nbd7 7. Be3 b6 8. Qd2
Bb7 9. Bd3 c5 10. Bh6 a6 11. Bxg7 Kxg7 12. a4 Qc7 13. Qe2 cxd4 14. Nxd4 Ne5 15.
Kh1 Nxd3 16. cxd3 e5 17. Nb3 Nh5 18. Rac1 Qd7 19. Qe3 b5 20. axb5 axb5 21. d4 b4
22. Ne2 Ba6 23. Rfd1 Qb5 24. Rc2 Rfc8 25. Rdc1 Rxc2 26. Rxc2 Qd3 27. Qxd3 Bxd3
28. Rd2 Bxe4 29. h3 Rc8 30. dxe5 dxe5 31. f3 Bc2 32. Nbc1 Nf6 33. Na2 b3 34. Nb4
Bf5 35. Nc3 Rc4 36. Nbd5 Rd4 0-1

[Event "Hastings Masters 2016-17"]
[Site "Hastings ENG"]
[Date "2017.01.02"]
[Round "6.44"]
[White "Press, Harry"]
[Black "Batchelor, Paul A"]
[Result "1/2-1/2"]
[WhiteElo "1826"]
[BlackElo "1965"]
[WhiteFideId "3215539"]
[BlackFideId "404225"]
[EventDate "2016.12.28"]

1. d4 Nf6 2. c4 g6 3. Nc3 Bg7 4. e4 d6 5. f3 O-O 6. Be3 Nc6 7. Nge2 a6 8. Qd2
Bd7 9. Ng3 e5 10. d5 Nd4 11. Bxd4 exd4 12. Nce2 c5 13. dxc6 bxc6 14. Nxd4 c5 15.
Nc2 Ne8 16. Rb1 h5 17. Bd3 h4 18. Ne2 Rb8 19. Ne3 h3 20. g3 Qf6 21. Nd5 Qxf3 22.
Rf1 Qh5 23. Ne7+ Kh7 24. e5 Qxe5 25. Nd5 Nf6 26. Kd1 Nxd5 27. cxd5 Bb5 28. Nc3
Bxd3 29. Qxd3 Qd4 30. Kc2 Qxd3+ 31. Kxd3 f5 32. Rf4 g5 33. Ra4 Rb6 34. b3 Bxc3
35. Kxc3 Re8 36. Rd1 Re2 37. Rd2 Re3+ 38. Rd3 Re2 39. Rd2 Re5 40. g4 f4 41. Rd3
Kg6 42. Rxh3 Rxd5 43. Rf3 Re5 44. h4 gxh4 45. Rfxf4 Kg5 46. Rf8 d5 47. Raf4 Rg6
48. Rf1 Kxg4 49. Rg1+ Kh5 50. Rh8+ Rh6 51. Rhg8 Rf5 52. Kd2 a5 53. a4 Re5 54.
R1g2 Rf5 55. Rg1 Re5 56. R1g2 Rf6 57. Rh8+ Rh6 58. Rhg8 Rf5 59. Rg1 Rf2+ 60. Ke3
Rf5 61. Kd2 1/2-1/2

[Event "Hastings Masters 2016-17"]
[Site "Hastings ENG"]
[Date "2017.01.03"]
[Round "7.13"]
[White "Tan, Justin2"]
[Black "Prosviriakov, Vladimir"]
[Result "1/2-1/2"]
[WhiteTitle "IM"]
[BlackTitle "IM"]
[WhiteElo "2451"]
[BlackElo "2236"]
[WhiteFideId "3206882"]
[BlackFideId "2004860"]
[EventDate "2016.12.28"]

1. e4 e5 2. Nf3 Nc6 3. Bc4 d6 4. c3 g6 5. d4 Bg7 6. O-O h6 7. Re1 Nge7 8. h3 O-O
9. Be3 Kh7 10. dxe5 dxe5 11. Qxd8 Nxd8 12. Bc5 Re8 13. a4 Be6 14. Nbd2 Nec6 15.
Bf1 Bf8 16. Be3 f6 17. b4 Nf7 18. Nc4 Nd6 19. Nfd2 Bxc4 20. Bxc4 Nxc4 21. Nxc4
b6 22. Kf1 a5 23. b5 Nd8 24. Red1 Nb7 25. Rd7+ Re7 26. Rad1 Re8 27. Ke2 Kg7 28.
R7d5 Re6 29. Nd2 Bc5 30. Nb3 Bxe3 31. Rd7+ R8e7 32. Rxe7+ Rxe7 33. Kxe3 Kf7 34.
c4 Ke6 35. c5 f5 36. g3 fxe4 37. c6 Nd6 38. Nd2 Rf7 39. Ke2 1/2-1/2

[Event "Hastings Masters 2016-17"]
[Site "Hastings ENG"]
[Date "2017.01.03"]
[Round "7.33"]
[White "Willson, Ollie"]
[Black "Vangsgaard, Freja"]
[Result "0-1"]
[BlackTitle "WFM"]
[WhiteElo "2060"]
[BlackElo "1975"]
[WhiteFideId "424714"]
[BlackFideId "1436589"]
[EventDate "2016.12.28"]

1. c4 Nf6 2. g3 e6 3. Bg2 d5 4. Nf3 Be7 5. O-O O-O 6. d4 dxc4 7. Qc2 a6 8. Qxc4
b5 9. Qc2 Bb7 10. Bd2 Nbd7 11. Ba5 Nb6 12. Nbd2 Rc8 13. b4 Ne8 14. e4 Nd6 15.
Ne5 Bf6 16. Rfd1 Qe7 17. Nb3 Bxe5 18. dxe5 Ndc4 19. Nc5 Ba8 20. Nxa6 Nxa5 21.
bxa5 Nc4 22. a4 c6 23. axb5 cxb5 24. Qb3 Qb7 25. Nb4 Nxe5 26. Qb2 Nc4 27. Qd4
Qe7 28. Na2 Nxa5 29. Qb6 Nb3 30. Rab1 Rb8 31. Qe3 Na5 32. Rb4 Nc6 33. Rb2 b4 34.
Rdb1 h6 35. Qe1 b3 36. Rxb3 Rxb3 37. Rxb3 Nd4 38. Rd3 e5 39. Qd2 Rc8 40. Rc3
Rxc3 41. Nxc3 Qb4 42. Kf1 Kh7 43. Ke1 Nb3 44. Qd3 Bb7 45. f3 Ba6 46. Qxa6 Qxc3+
47. Kf2 Qd4+ 48. Kf1 Nd2+ 49. Ke2 Nc4 50. Kf1 Qd1+ 51. Kf2 Qd2+ 52. Kg1 Qe3+ 53.
Kh1 Qe1+ 54. Bf1 Qxf1# 0-1